000 00725nam a2200241 i 4500
001 6897
003 ES-MaACL
005 20230906145122.0
007 t|
008 900711s1986 sp ||||1| spa d
020 _a84-345-8424-7
080 _a539.15(09)
100 1 _aMacKay, Alwyn.
_975243
245 1 3 _aLa Construccion de la era atomica /
_cAlwyn McKay.
260 _aBarcelona :
_bSalvat,
_cD.L. 1986.
300 _aVII, 194 p. :
_bil. ;
_c19 cm.
490 1 _aBiblioteca científica Salvat ;
_v68
500 _aBibliografia.
650 1 4 _aArmas nucleares-
_vHistoria.
_99971
830 0 _aBiblioteca científica Salvat ;
_v68
_9177703
852 _aES-MaACL
_jL-14153
_bR.117741
_z. - rust.
999 _c6897
_d6897